Elementos de didáctica de la matemática para el profesor de secundaria
Saved in:
| Main Authors: | , |
|---|---|
| 格式: | 圖書 |
| 語言: | 西班牙语 |
| 出版: |
Madrid, España
Ediciones Pirámide
2016
|
| 叢編: | Colección Psicología
|
| 主題: | |
| 標簽: |
添加標簽
沒有標簽, 成為第一個標記此記錄!
|
MARC
| LEADER | 00000cam a2200000 a 4500 | ||
|---|---|---|---|
| 001 | UCB0158 | ||
| 003 | CL-VaPUC | ||
| 005 | 20230718074442.0 | ||
| 008 | 191213e20160000sp spa d | ||
| 999 | |c 376359 |d 376357 | ||
| 020 | |a 9788436835366 | ||
| 040 | |c Pontificia Universidad Católica de Valparaíso | ||
| 082 | 0 | 4 | |a 372.7 RIC 2016 |2 21 |
| 100 | 1 | |a Rico Romero, Luis |e author |9 604786 | |
| 245 | 1 | 0 | |a Elementos de didáctica de la matemática para el profesor de secundaria |
| 260 | |a Madrid, España |b Ediciones Pirámide |c 2016 | ||
| 300 | |a 396 páginas | ||
| 440 | |a Colección Psicología |9 860267 | ||
| 583 | |a last modification |c 20191213 11:48:00 |k Rodrigo Vera | ||
| 650 | 0 | 0 | |a Matemática |9 260235 |
| 650 | 0 | 0 | |a Filosofía de la educación |9 258384 |
| 650 | 0 | 0 | |a Didáctica |9 369923 |
| 700 | 1 | |a Moreno Verdejo, Antonio |e author |9 605493 | |
| 942 | |c BK |2 ddc | ||
| 945 | |a dcastane |d 20191213 11:48:00 | ||
| 952 | |0 0 |1 0 |2 ddc |4 0 |6 372_700000000000000_RIC_2016 |7 0 |8 A |9 494944 |a BIBMAT |b BIBMAT |c E_DIDACT |d 2019-12-09 |e 52 |g 45856.00 |i 5567459 |l 1 |o 372.7 RIC 2016 |p 5567459 |r 2025-01-07 |s 2024-04-11 |t 1 |v 45856.00 |w 2019-12-09 |y BK |k MAT | ||